Loga klubów Ligi Europy 2025/26 - Statystyki

Ogólne statystyki
  • Ten quiz został rozwiązany 69 razy
  • Średni wynik to 27 z 36
Statystyki odpowiedzi
Obrazkowy Odpowiedź % Poprawnych
AS Roma
100%
Aston Villa
97%
Celta Vigo
93%
Celtic Glasgow
92%
Bologna
88%
Dinamo Zagrzeb
88%
Crvena Zvezda
86%
FC Basel
86%
Lille
86%
KRC Genk
85%
Malmo FF
83%
Feyenoord
80%
Porto
80%
Real Betis
80%
Freiburg
78%
Olympique Lyon
78%
OGC Nice
76%
Nottingham Forest
75%
PAOK Saloniki
75%
FCSB
73%
Rangers
71%
SC Braga
71%
Fenerbahce
69%
Panathinaikos
69%
Red Bull Salzburg
69%
SK Brann
68%
Sturm Graz
68%
Young Boys Berno
68%
VfB Stuttgart
66%
Ferencvaros
64%
Utrecht
58%
Łudogorec Razgrad
56%
Viktoria Pilzno
53%
Maccabi Tel-Aviv
51%
Midtjylland
51%
Go Ahead Eagles
49%
Nie znaleziono quizów pasujących do podanych kryteriów
Rozkład punktacji
Procent ludzi z każdym wynikiem
Percentyl według liczby udzielonych odpowiedzi
Twoja historia wyników
Nie rozwiązałeś tego quizu